书目信息 |
| 题名: |
当代世界史
|
|
| 作者: | 吴继德 主编 | |
| 分册: | ||
| 出版信息: | 昆明 云南大学出版社 1995 |
|
| 页数: | 473页 | |
| 开本: | 21cm | |
| 丛书名: | ||
| 单 册: | ||
| 中图分类: | K153 | |
| 科图分类: | ||
| 主题词: | 世界史∶现代史--1945~1993 , 现代史∶世界史--1945~1993 | |
| 电子资源: | ||
| ISBN: | 7-81025-602-5 | |
| 000 | 00751nam0 2200265 45 | |
| 001 | 012001146268 | |
| 005 | 20031219104054.7 | |
| 010 | @a7-81025-602-5@dCNY15.50 | |
| 100 | @a19960717d1995 emky0chiy0121 ea | |
| 101 | 0 | @achi |
| 102 | @aCN@b530000 | |
| 105 | @ay z 000yy | |
| 106 | @ar | |
| 200 | 1 | @a当代世界史@Adang dai shi jie shi@e1945-1993@f吴继德主编 |
| 205 | @a修订本 | |
| 210 | @a昆明@c云南大学出版社@d1995 | |
| 215 | @a473页@d21cm | |
| 300 | @a云南大学“211工程”教材建设项目 | |
| 314 | @a吴继德,云南大学历史系教授 | |
| 606 | 0 | @a世界史∶现代史@z1945~1993 |
| 606 | 0 | @a现代史∶世界史@z1945~1993 |
| 690 | @aK153@v4 | |
| 701 | 0 | @a吴继德@Awu ji de@4主编 |
| 801 | @aCN@bTSTC@c20020417 | |
| 905 | @b308456-460@dK153@e108=2@f5 | |
| 当代世界史:1945-1993/吴继德主编.-修订本.-昆明:云南大学出版社,1995 |
| 473页;21cm |
| 云南大学“211工程”教材建设项目 |
| ISBN 7-81025-602-5:CNY15.50 |
| ● |
| 相关链接 |
|
|
|
|
正题名:当代世界史
索取号:K153/108=2
 
预约/预借
| 序号 | 登录号 | 条形码 | 馆藏地/架位号 | 状态 | 备注 |
| 1 | 0308456 | 203084562 | 第二借阅区/ [索取号:K153/108=2] | 在馆 | |
| 2 | 0308457 | 203084571 | 第二借阅区/ [索取号:K153/108=2] | 在馆 | |
| 3 | 0308458 | 203084580 | 第二借阅区/ [索取号:K153/108=2] | 在馆 | |
| 4 | 0308459 | 203084599 | 第二借阅区/ [索取号:K153/108=2] | 在馆 | |
| 5 | 0308460 | 203084606 | 第二样本阅览室/ [索取号:K153/108=2] | 在馆 |